|
|
|
|
| LEADER |
01423nam a2200313Ia 4500 |
| 001 |
4253 |
| 003 |
BD-DhAAL |
| 005 |
20151126001705.0 |
| 008 |
150922s2002 nyua s 000 0 eng d |
| 020 |
|
|
|a 0071415904 (electronic bk.)
|
| 020 |
|
|
|a 9780071415903 (electronic bk.)
|
| 040 |
|
|
|a N$T
|c N$T
|d NIC
|d BD-DhAAL
|
| 050 |
1 |
4 |
|a HD57.7
|b .Z46 2002eb
|
| 082 |
0 |
4 |
|a 658.4/092
|2 21
|
| 100 |
1 |
|
|a Zenger, John H.
|9 15006
|
| 245 |
1 |
4 |
|a The extraordinary leader
|b turning good managers into great leaders /
|c John H. Zenger, Joseph Folkman.
|
| 260 |
|
|
|a New York :
|a New Delhi :
|b McGraw-Hill,
|c c2002.
|
| 300 |
|
|
|a xvi, 296 p. :
|b ill. ;
|c 24 cm.
|
| 504 |
|
|
|a Includes bibliographical references (p. 285-290) and index.
|
| 533 |
|
|
|a Electronic reproduction.
|b Boulder, Colo. :
|c NetLibrary,
|d 2002.
|n Available via World Wide Web.
|n Access may be limited to NetLibrary affiliated libraries.
|
| 538 |
|
|
|a Technical requirements: Browser must be set to accept third party cookies. Safari (Mac) browser not supported by NetLibrary.
|
| 541 |
|
|
|e 4253
|
| 650 |
|
0 |
|a Leadership.
|9 15007
|
| 650 |
|
7 |
|a Leadership
|2 fast
|9 15007
|
| 700 |
1 |
|
|a Folkman, Joe.
|9 15008
|
| 776 |
1 |
|
|c Original
|z 0071387471
|w (DLC) 2002005908
|w (OCoLC)49206193
|
| 942 |
|
|
|2 ddc
|c BK
|
| 999 |
|
|
|c 35652
|d 35652
|
| 952 |
|
|
|0 0
|1 0
|2 ddc
|4 0
|6 658_400000000000000_092
|7 0
|9 56066
|a SCL
|b SCL
|c GEN
|d 2015-09-22
|g 340.00
|l 1
|m 5
|o 658.4092
|p 3020004253
|r 2019-10-28
|s 2019-09-22
|t 1
|w 2015-09-22
|y BK
|